The Matrix Quiz - Statistics

General Stats
  • This quiz has been taken 1,291 times
  • The average score is 10 of 15
Answer Stats
Hint Answer % Correct
Which color pill does Neo take? Red
97%
Who is the main Agent opposing Neo? Agent Smith
94%
What object is the boy bending in the Oracle's apartment? Spoon
90%
What animal gives Neo a feeling of deja vu? Cat
89%
What is Neo's name while still in the Matrix. Thomas Anderson
83%
While still in the Matrix, what animal is Neo told to look for? White Rabbit
76%
What does the Oracle give Neo after she tells him he's not "The One?" A Cookie
74%
What is the name of the last human city on earth? Zion
71%
What does Morpheus say humans are basically functioning as to the machines? Battery
55%
What is the last thing we see Neo doing in the movie? Flying
54%
Who betrays Neo and his group? Cypher
47%
What does Agent Smith say mankind is most like? A virus
45%
What is the term given to the special effect where Neo seems to slow down time? Bullet Time
40%
What is the name of Morpheus' ship? Nebuchadnezzar
34%
Who are the brothers that serve on Morpheus' ship? Tank and Dozer
32%
No matching quizzes found
Score Distribution
Percent of People with Each Score
Percentile by Number Answered
Your Score History
You have not taken this quiz